सफलता के अठारह कदम / (Record no. 14235)

MARC details
000 -LEADER
fixed length control field 01085nam a22002417a 4500
005 - DATE AND TIME OF LATEST TRANSACTION
control field 20080707102548.0
008 - FIXED-LENGTH DATA ELEMENTS--GENERAL INFORMATION
fixed length control field 080707t xxu||||| |||| 00| 0 hin d
010 ## - LIBRARY OF CONGRESS CONTROL NUMBER
LC control number HIN-83747
020 ## - INTERNATIONAL STANDARD BOOK NUMBER
Terms of availability 120.00
035 ## - SYSTEM CONTROL NUMBER
System control number HN-56093
037 ## - SOURCE OF ACQUISITION
Source of stock number/acquisition DBAD / PUB
040 ## - CATALOGING SOURCE
Original cataloging agency DPL
Language of cataloging HN
082 ## - DEWEY DECIMAL CLASSIFICATION NUMBER
Classification number 158.1
100 ## - MAIN ENTRY--PERSONAL NAME
Personal name दुबे, सतीश
245 ## - TITLE STATEMENT
Title सफलता के अठारह कदम /
Statement of responsibility, etc सतीश दुबे
246 ## - VARYING FORM OF TITLE
Title proper/short title Safalata ke atharah kadam
Remainder of title by Sateesh Dube
260 ## - PUBLICATION, DISTRIBUTION, ETC. (IMPRINT)
Place of publication, distribution, etc देवास
Name of publisher, distributor, etc गुंजल पब्लिकेशन्स
Date of publication, distribution, etc 2006
270 ## - ADDRESS
Address 7, सदाशिव नगर, मोती बंगला
City देवास
300 ## - PHYSICAL DESCRIPTION
Extent 144पृ
Dimensions 22सेमी(सजिल्द)
Other physical details सचित्र
650 ## - SUBJECT ADDED ENTRY--TOPICAL TERM
Topical term or geographic name as entry element Personality Development
942 ## - ADDED ENTRY ELEMENTS (KOHA)
Source of classification or shelving scheme Dewey Decimal Classification
Koha item type Hindi Books
Classification part 158.1
Call number suffix दुबेस
Holdings
Withdrawn status Lost status Damaged status Not for loan Collection code Home library Current library Date acquired Source of acquisition Cost, normal purchase price Total Checkouts Full call number Barcode Date last seen Cost, replacement price Price effective from Koha item type
      Not For Loan Non-fiction D.B.Act.Division D.B.Act.Division 07/07/2008 पु.प्र.अ.प्र /प्रका 120.00   158.1 दुबेस HN-56093 15/09/2008 120.00 15/09/2008 Hindi Books

© Delhi Public Library
Hit Counter
free hit counter